<?xml version="1.0" encoding="UTF-8"?>
<record
    xmlns:xsi="http://www.w3.org/2001/XMLSchema-instance"
    xsi:schemaLocation="http://www.loc.gov/MARC21/slim http://www.loc.gov/standards/marcxml/schema/MARC21slim.xsd"
    xmlns="http://www.loc.gov/MARC21/slim">

  <leader>00627nam a2200157   4500</leader>
  <controlfield tag="003">LK-CoMWRAF</controlfield>
  <controlfield tag="005">20240129141501.0</controlfield>
  <controlfield tag="008">240129b        |||||||| |||| 00| 0 eng d</controlfield>
  <datafield tag="040" ind1=" " ind2=" ">
    <subfield code="a">LK-CoMWRAF</subfield>
    <subfield code="d">LK-CoMWRAF</subfield>
    <subfield code="e">LK-CoMWRAF</subfield>
  </datafield>
  <datafield tag="041" ind1=" " ind2=" ">
    <subfield code="a">sin</subfield>
    <subfield code="a">tam</subfield>
    <subfield code="a">eng</subfield>
  </datafield>
  <datafield tag="082" ind1=" " ind2=" ">
    <subfield code="a">305.42</subfield>
    <subfield code="b">PRA</subfield>
  </datafield>
  <datafield tag="245" ind1=" " ind2=" ">
    <subfield code="a">&#xDB4;&#xDCA;&#x200D;&#xDBB;&#x200D;&#xD9C;&#xDAD;&#xDD2;&#xDBA;&#xDDA; &#xDC4;&#xDC0;&#xDD4;&#xDBD;&#xDCA;&#xD9A;&#xDBB;&#xDD4;&#xDC0;&#xDDD; = &#xBAE;&#xBC1;&#xBA9;&#xBCD;&#xBA9;&#xBC7;&#xBB1;&#xBCD;&#xBB1;&#xBA4;&#xBCD;&#xBA4;&#xBBF;&#xBB1;&#xBCD;&#xB95;&#xBBE;&#xBA9; &#xBAA;&#xB99;&#xBCD;&#xB95;&#xBBE;&#xBB3;&#xBBF;&#xB95;&#xBB3;&#xBCD; = Partners for progress</subfield>
  </datafield>
  <datafield tag="246" ind1=" " ind2=" ">
    <subfield code="a">Pragathiyee haulkaruwoo = Pragathiyee haulkaruwoo</subfield>
  </datafield>
  <datafield tag="260" ind1=" " ind2=" ">
    <subfield code="a">Colombo :</subfield>
    <subfield code="b">Ministry of child development &amp; Women's empowerment</subfield>
    <subfield code="c">2005</subfield>
  </datafield>
  <datafield tag="942" ind1=" " ind2=" ">
    <subfield code="c">BK</subfield>
  </datafield>
  <datafield tag="952" ind1=" " ind2=" ">
    <subfield code="0">0</subfield>
    <subfield code="1">0</subfield>
    <subfield code="4">0</subfield>
    <subfield code="7">0</subfield>
    <subfield code="a">MAIN</subfield>
    <subfield code="b">MAIN</subfield>
    <subfield code="d">2024-01-29</subfield>
    <subfield code="l">0</subfield>
    <subfield code="o">305.42 PRA</subfield>
    <subfield code="p">RAF4987</subfield>
    <subfield code="r">2024-01-29</subfield>
    <subfield code="w">2024-01-29</subfield>
    <subfield code="y">BK</subfield>
  </datafield>
  <datafield tag="999" ind1=" " ind2=" ">
    <subfield code="c">4693</subfield>
    <subfield code="d">4693</subfield>
  </datafield>
</record>
